United States-Japan trade

Uloženo v:
Podrobná bibliografie
Médium: Kniha
Jazyk:Undetermined
Vydáno: Tokyo 1987
Témata:
Tagy: Přidat tag
Žádné tagy, Buďte první, kdo otaguje tento záznam!
Thư viện lưu trữ: Trung tâm Học liệu Trường Đại học Cần Thơ
LEADER 00387nam a2200157Ia 4500
001 CTU_97343
008 210402s9999 xx 000 0 und d
082 |a 382 
082 |b U58/1987 
245 0 |a United States-Japan trade 
260 |a Tokyo 
260 |c 1987 
650 |a Japan 
650 |x Commerce 
904 |i Tuyến 
980 |a Trung tâm Học liệu Trường Đại học Cần Thơ